Lập trình ứng dụng cơ sở dữ liệu Access 2000 : Microsoft Access 2000

保存先:
書誌詳細
フォーマット: 図書
言語:Undetermined
出版事項: Hà Nội Giáo Dục
主題:
タグ: タグ追加
タグなし, このレコードへの初めてのタグを付けませんか!
Thư viện lưu trữ: Trung tâm Học liệu Trường Đại học Cần Thơ
LEADER 00526nam a2200157Ia 4500
001 CTU_117569
008 210402s9999 xx 000 0 und d
082 |a 005.713 
082 |b L123 
245 0 |a Lập trình ứng dụng cơ sở dữ liệu Access 2000 : 
245 0 |b Microsoft Access 2000 
260 |a Hà Nội 
260 |b Giáo Dục 
650 |a Access (computer programs),Programming languages (electronic computers) 
904 |i M.Loan 
980 |a Trung tâm Học liệu Trường Đại học Cần Thơ